| 000 | 01113 a2200193 4500 | ||
|---|---|---|---|
| 003 | Nust | ||
| 005 | 20221024180153.0 | ||
| 040 | _cNust | ||
| 082 | _a621.3,HAM | ||
| 100 |
_aHambley, Allan R. _957110 |
||
| 245 |
_aElectrical engineering: principles and applications / _cAllan R. Hambley |
||
| 250 | _a2nd | ||
| 260 |
_aNew Delhi _bPrentice' Hall of India PVT |
||
| 300 | _axvii,846 P; | ||
| 440 |
_aElectrical engineering (technology) _9101310 |
||
| 505 | _aIntroduction(Page-2), Resistive Circuits (Page-43), Inductance and Capacitance (Page-109), Transients (Page-143 ), Study – State Sinusoidal Sinusoidal Analysis (Page-181), Frequency Response , Bode Plots, and Resonance (Page-244), Logic Circuits (Page-308), Microcomputer (Page-356), Computer – Based Instrumentation systems (Page-390), Diodes (Page-422), Amplifiers (Page-465), Field – Effect Transistors (Page-521), Bipolar Junction Transistors (Page-559), Operational Amplifiers (Page-607), Magnetic Circuits and Transformers (Page-662), Machines (Page-708), Ac Machines (Page-753). | ||
| 650 | _aElectrical engineering | ||
| 942 |
_2ddc _cBK |
||
| 999 |
_c190923 _d190923 |
||